[Event "Campeonato Estadual de Mestres do Rio de Janeiro 2022"]
[Site "TTC R Conde de Bomfim 451 Salao de Xadrez"]
[Date "2022.04.29"]
[Round "1"]
[Board "2"]
[White "Guimaraes, Wagner Peixoto"]
[Black "Pereira, Pedro Nunes"]
[Result "1/2-1/2"]
[WhiteElo "2204"]
[BlackElo "1820"]
[PlyCount "140"]
[EventDate "2022.04.29"]
[EventRounds "6"]
[EventCountry "BRA"]

1. d4 d5 2. c4 c6 3. Nf3 Nf6 4. Nc3 dxc4 5. a4 Bg4 6. e3 e6 7. Bxc4 Bd6 8. h3
Bf5 9. O-O O-O 10. Qe2 Ne4 11. Bd3 Nxc3 12. bxc3 Bxd3 13. Qxd3 Nd7 14. Rd1 a6
15. e4 Be7 16. a5 b5 17. axb6 Qxb6 18. Bf4 Bf6 19. Rdb1 Qa7 20. Be3 Rfd8 21.
Qc4 Rdc8 22. e5 Be7 23. Qd3 Rab8 24. Rxb8 Nxb8 25. d5 c5 26. d6 Bf8 27. Nd2 a5
28. Qb5 Qd7 29. Qxd7 Nxd7 30. Nc4 Ra8 31. Ra4 f6 32. f4 fxe5 33. fxe5 g6 34.
Rxa5 Rxa5 35. Nxa5 Nxe5 36. Bxc5 Nf7 37. Nb7 Kg7 38. Bb4 Kf6 39. c4 Ke5 40. c5
Kd5 41. Na5 Nd8 42. Kf1 Bg7 43. c6 Nxc6 44. d7 Bf6 45. Bc3 Be7 46. Nxc6 Kxc6
47. Ke2 Kxd7 48. Kd3 Bd6 49. Ke4 Ke7 50. Bd4 Kf7 51. Bc3 Be7 52. Bd4 Bf6 53.
Bc5 Bb2 54. Bd6 Kf6 55. Bf4 e5 56. Be3 Ke6 57. Bg5 Ba3 58. Bd2 Bf8 59. Bc1 Bg7
60. Ba3 Bh6 61. Bb2 Bf4 62. Ba3 Kf6 63. Bd6 h5 64. Bc7 Ke6 65. Bb8 Kf6 66. Bc7
Bh2 67. Bd8+ Ke6 68. Bc7 g5 69. Bd8 g4 70. Bc7 gxh3  1/2-1/2

[Event "Campeonato Estadual de Mestres do Rio de Janeiro 2022"]
[Site "TTC R Conde de Bomfim 451 Salao de Xadrez"]
[Date "2022.04.29"]
[Round "1"]
[Board "3"]
[White "Dias, Matheus Braga"]
[Black "De Carvalho, Jose Jorge"]
[Result "1/2-1/2"]
[WhiteElo "1781"]
[BlackElo "2159"]
[PlyCount "87"]
[EventDate "2022.04.29"]
[EventRounds "6"]
[EventCountry "BRA"]

1. e4 c5 2. c4 Nc6 3. g3 g6 4. Bg2 Bg7 5. Ne2 d6 6. O-O h5 7. Nbc3 h4 8. d3 Bd7
9. Bg5 Qc8 10. Bxh4 Bh6 11. f4 Bg4 12. Qd2 e5 13. Bg5 Bxg5 14. fxg5 Bh3 15. Nb5
Qd7 16. Nec3 a6 17. Bxh3 Rxh3 18. Na3 Nge7 19. Nd5 Nxd5 20. cxd5 Nd4 21. Nc4
Qc7 22. Kg2 Rh7 23. b4 b5 24. Ne3 Qd7 25. h4 Rc8 26. Rac1 Ke7 27. bxc5 Rxc5 28.
Rxc5 dxc5 29. d6+ Kf8 30. Qa5 Qxd6 31. Nd5 Kg7 32. Nf6 Rh8 33. g4 Ne6 34. h5
Rd8 35. h6+ Kh8 36. Nd5 Nf4+ 37. Rxf4 exf4 38. Qc3+ f6 39. gxf6 Kh7 40. g5 Qe6
41. Qxc5 Qg4+ 42. Kf1 Qd1+ 43. Kg2 Qg4+ 44. Kf1  1/2-1/2

[Event "Campeonato Estadual de Mestres do Rio de Janeiro 2022"]
[Site "TTC R Conde de Bomfim 451 Salao de Xadrez"]
[Date "2022.04.29"]
[Round "1"]
[Board "4"]
[White "Lage, Pedro Ferreira"]
[Black "Da Rocha, Joao Batista Jose"]
[Result "1-0"]
[WhiteElo "2100"]
[BlackElo "1753"]
[PlyCount "95"]
[EventDate "2022.04.29"]
[EventRounds "6"]
[EventCountry "BRA"]

1. Nf3 d5 2. g3 Nf6 3. Bg2 e6 4. O-O Be7 5. d4 O-O 6. c4 b6 7. Qc2 Bb7 8. Ne5
Nbd7 9. Nc3 c5 10. Nxd7 Qxd7 11. dxc5 bxc5 12. cxd5 exd5 13. Bg5 h6 14. Bxf6
Bxf6 15. Nxd5 Bxd5 16. Rfd1 Qb5 17. Rxd5 Rac8 18. Rc1 Rfe8 19. e3 Qxb2 20. Qxb2
Bxb2 21. Rcxc5 Rxc5 22. Rxc5 Re7 23. Bd5 Ba3 24. Rc8+ Kh7 25. Kf1 g6 26. Ke2
Rd7 27. e4 Bb4 28. Ke3 Ba5 29. f4 Bb6+ 30. Kd3 f5 31. Rc6 fxe4+ 32. Kxe4 Re7+
33. Kf3 Re3+ 34. Kg4 h5+ 35. Kh3 Re7 36. Bb3 Re2 37. Bc2 Bg1 38. Bxg6+ Kg7 39.
Bxh5 Rxh2+ 40. Kg4 Rxa2 41. Rc7+ Kh8 42. Kg5 Ra6 43. Bg6 Bb6 44. Rh7+ Kg8 45.
Kh6 Ra1 46. Rg7+ Kh8 47. Re7 Rh1+ 48. Bh5  1-0

[Event "Campeonato Estadual de Mestres do Rio de Janeiro 2022"]
[Site "TTC R Conde de Bomfim 451 Salao de Xadrez"]
[Date "2022.04.29"]
[Round "1"]
[Board "5"]
[White "Almeida, Israel Marcos Marinho"]
[Black "Serpa, Rafael Araujo"]
[Result "1-0"]
[WhiteElo "1720"]
[BlackElo "2100"]
[PlyCount "99"]
[EventDate "2022.04.29"]
[EventRounds "6"]
[EventCountry "BRA"]

1. d4 d5 2. Nf3 e6 3. e3 Nf6 4. Be2 c5 5. b3 Nc6 6. Bb2 Qa5+ 7. c3 cxd4 8. exd4
Ne4 9. O-O Bd6 10. Qc2 O-O 11. Nbd2 f5 12. c4 Bd7 13. a3 Qd8 14. b4 a6 15. c5
Bf4 16. g3 Bxd2 17. Nxd2 Be8 18. Nxe4 fxe4 19. f3 Bg6 20. fxe4 Qg5 21. Qc1
Rxf1+ 22. Bxf1 Qxc1 23. Rxc1 Bxe4 24. Bg2 Bxg2 25. Kxg2 Rf8 26. Bc3 g5 27. Re1
Rf6 28. a4 g4 29. Re3 Kf7 30. b5 axb5 31. axb5 Na7 32. Bb2 Rf3 33. b6 Nc6 34.
Rxf3+ gxf3+ 35. Kxf3 Kf6 36. g4 Na5 37. Bc3 Nc6 38. h4 Ne7 39. h5 Nc6 40. Kf4
h6 41. Kf3 Kf7 42. Kg3 Kf6 43. Kf4 Ne7 44. Bd2 Nc6 45. Be3 Kg7 46. g5 hxg5+ 47.
Kxg5 Kf7 48. h6 e5 49. dxe5 Nxe5 50. h7  1-0

[Event "Campeonato Estadual de Mestres do Rio de Janeiro 2022"]
[Site "TTC R Conde de Bomfim 451 Salao de Xadrez"]
[Date "2022.04.29"]
[Round "1"]
[Board "6"]
[White "Manzi, Luiz Antonio Bardaro"]
[Black "Machado, Wallace Fernandes"]
[Result "1-0"]
[WhiteElo "2008"]
[BlackElo "1691"]
[PlyCount "81"]
[EventDate "2022.04.29"]
[EventRounds "6"]
[EventCountry "BRA"]

1. Nf3 Nf6 2. g3 e6 3. Bg2 d5 4. O-O Be7 5. d4 O-O 6. c3 b6 7. Bg5 Bb7 8. Nbd2
c5 9. e3 Nbd7 10. Re1 Rc8 11. Ne5 Nxe5 12. dxe5 Nd7 13. Bxe7 Qxe7 14. f4 Rfd8
15. Qe2 Nb8 16. Rad1 Rc7 17. e4 d4 18. c4 Rcd7 19. Qg4 Nc6 20. Nf3 Nb4 21. Rd2
d3 22. f5 exf5 23. exf5 Bxf3 24. Bxf3 Nc2 25. f6 Qf8 26. Re4 Rd4 27. e6 Rxe4
28. Bxe4 fxe6 29. Qxe6+ Kh8 30. Qh3 g6 31. Bxg6 Qg8 32. Bxd3 Nd4 33. Rf2 Qf7
34. Be4 Qd7 35. Qh5 Ne6 36. Bd5 Nf8 37. f7 Ng6 38. Qf3 Kg7 39. Qf6+ Kf8 40. Re2
Qg4 41. Qxd8+  1-0

[Event "Campeonato Estadual de Mestres do Rio de Janeiro 2022"]
[Site "TTC R Conde de Bomfim 451 Salao de Xadrez"]
[Date "2022.04.29"]
[Round "1"]
[Board "7"]
[White "De Oliveira, Sergio Patricio"]
[Black "Bezerra, Natacio Goncalves"]
[Result "1/2-1/2"]
[WhiteElo "1472"]
[BlackElo "1978"]
[PlyCount "137"]
[EventDate "2022.04.29"]
[EventRounds "6"]
[EventCountry "BRA"]

1. d4 d5 2. c4 c6 3. cxd5 cxd5 4. Nc3 Nc6 5. Nf3 Nf6 6. Bf4 Ne4 7. e3 Nxc3 8.
bxc3 g6 9. Bd3 Bg7 10. O-O O-O 11. c4 Bg4 12. h3 dxc4 13. Bxc4 Bf5 14. Rc1 Rc8
15. Qd2 e6 16. Qb2 Na5 17. Be2 Qd5 18. Nd2 Qd7 19. g4 e5 20. dxe5 Bd3 21. Bxd3
Qxd3 22. Nf3 Qe4 23. Ng5 Qa4 24. Qd4 Nc4 25. Rfd1 h6 26. Ne4 Qxa2 27. Ra1 Qe2
28. Rxa7 Nb2 29. Ng3 Qxd1+ 30. Qxd1 Nxd1 31. Rxb7 g5 32. Nf5 Kh8 33. Bg3 Rfe8
34. Nd6 Rb8 35. Nxf7+ Kg8 36. Rd7 Rb1 37. Kg2 Nc3 38. Nd6 Rd1 39. f4 Ne4 40. f5
Bxe5 41. Nxe4 Rxd7 42. Bxe5 Rf7 43. Nf6+ Rxf6 44. Bxf6 Rxe3 45. Bd4 Rd3 46. Bc5
Kf7 47. Bb4 Rb3 48. Bc5 Rd3 49. Bb4 Rb3 50. Bc5 Rd3 51. Bb4 Rb3 52. Bc5 Kg8 53.
Kh2 Rd3 54. Kg2 Rd5 55. Bb4 Kf7 56. Kf3 Rd3+ 57. Kg2 Rb3 58. Bc5 Rb1 59. Ba3
Rb8 60. Bc5 Rb5 61. Ba3 Rd5 62. Bb4 Ke8 63. Kf2 Rd3 64. Kg2 Kf7 65. Kh2 Rf3 66.
Kg2 Rb3 67. Bc5 Kf6 68. Bd4+ Kf7 69. Bc5  1/2-1/2

[Event "Campeonato Estadual de Mestres do Rio de Janeiro 2022"]
[Site "TTC R Conde de Bomfim 451 Salao de Xadrez"]
[Date "2022.04.29"]
[Round "1"]
[Board "8"]
[White "Yunes, David Teles"]
[Black "Nunes, Felipe Streva"]
[Result "1-0"]
[WhiteElo "1955"]
[BlackElo "1822"]
[PlyCount "63"]
[EventDate "2022.04.29"]
[EventRounds "6"]
[EventCountry "BRA"]

1. e4 c5 2. Nc3 Nc6 3. f4 d6 4. Bc4 Nf6 5. Nf3 a6 6. a4 Bg4 7. h3 Bxf3 8. Qxf3
Nd4 9. Qd1 e5 10. d3 h5 11. O-O Be7 12. f5 h4 13. Bg5 Nh5 14. Bxe7 Qxe7 15. Nd5
Qd8 16. c3 Nc6 17. Qg4 Kf8 18. f6 Nxf6 19. Nxf6 gxf6 20. Rf5 Rh6 21. Rh5 Rxh5
22. Qxh5 Kg7 23. Qxf7+ Kh8 24. Rf1 Qe7 25. Qh5+ Qh7 26. Qg4 Rf8 27. Rf5 b5 28.
Rh5 bxc4 29. Rxh7+ Kxh7 30. Qd7+ Kg6 31. Qxc6 cxd3 32. Qxd6  1-0

[Event "Campeonato Estadual de Mestres do Rio de Janeiro 2022"]
[Site "TTC R Conde de Bomfim 451 Salao de Xadrez"]
[Date "2022.04.29"]
[Round "1"]
[Board "9"]
[White "Teixeira, Giovana Dos Santos"]
[Black "Fernandes, Felipe Gambini"]
[Result "0-1"]
[WhiteElo "1814"]
[BlackElo "1937"]
[PlyCount "110"]
[EventDate "2022.04.29"]
[EventRounds "6"]
[EventCountry "BRA"]

1. f4 d5 2. Nf3 Nc6 3. e3 Bg4 4. Be2 Nf6 5. O-O Bxf3 6. Bxf3 e5 7. fxe5 Nxe5 8.
Be2 Bd6 9. Nc3 c6 10. d3 Qd7 11. b3 O-O 12. Bb2 Neg4 13. Rf3 Bxh2+ 14. Kf1 Bd6
15. Kg1 Rfe8 16. e4 dxe4 17. Nxe4 Nxe4 18. dxe4 Bc5+ 19. Kf1 Nh2+ 20. Ke1 Nxf3+
21. Bxf3 Qxd1+ 22. Rxd1 Rad8 23. Rb1 f5 24. e5 Bd4 25. c3 Bxe5 26. Be2 Bg3+ 27.
Kf1 Rd2 28. Bc4+ Kh8 29. Ba3 b5 30. Bf7 Red8 31. Bh5 Rxa2 32. Bc1 Rd3 33. c4 b4
34. Bf3 c5 35. Bg5 Be5 36. Be7 Bd4 37. Bh4 Ra1 38. Rxa1 Bxa1 39. Be7 Bd4 40.
Ke2 Re3+ 41. Kd2 Rxe7 42. Bd5 g5 43. Kd3 h5 44. Bf3 g4 45. Bd1 h4 46. Kd2 Re3
47. Kc2 h3 48. gxh3 gxh3 49. Bh5 h2 50. Kd2 h1=Q 51. Be2 Rxe2+ 52. Kxe2 Qg2+
53. Kd3 Qf3+ 54. Kc2 Qe2+ 55. Kb1 Qb2#  0-1

[Event "Campeonato Estadual de Mestres do Rio de Janeiro 2022"]
[Site "TTC R Conde de Bomfim 451 Salao de Xadrez"]
[Date "2022.04.29"]
[Round "1"]
[Board "10"]
[White "Baptista, Andre Kemper"]
[Black "De Araujo, Sidney Rocha"]
[Result "0-1"]
[WhiteElo "1930"]
[BlackElo "1800"]
[PlyCount "76"]
[EventDate "2022.04.29"]
[EventRounds "6"]
[EventCountry "BRA"]

1. e4 c5 2. Nc3 e5 3. Bc4 d6 4. d3 Nf6 5. Nge2 Be7 6. O-O Nc6 7. f4 Bd7 8. a3
a6 9. Nd5 Nxd5 10. exd5 Na5 11. Ba2 b5 12. b4 Nb7 13. Qe1 Qc7 14. c3 Bf6 15.
fxe5 dxe5 16. d4 c4 17. dxe5 Qxe5 18. Bf4 Qe7 19. Rd1 O-O 20. Nd4 Rfe8 21. Qg3
Bh4 22. Qf3 Bf6 23. Bb1 Qd8 24. Kh1 Qc8 25. Qg3 Bg4 26. Rd2 Bh5 27. Bf5 Qd8 28.
Nc6 Qb6 29. Bd7 Re4 30. Bh6 Bg6 31. Bf4 Nd8 32. Rdf2 Qb7 33. Bc7 Bh4 34. Qd6
Bxf2 35. Nxd8 Qa7 36. Qc6 Bh4 37. Nb7 Qf2 38. Rg1 Qxg1+  0-1

[Event "Campeonato Estadual de Mestres do Rio de Janeiro 2022"]
[Site "TTC R Conde de Bomfim 451 Salao de Xadrez"]
[Date "2022.04.29"]
[Round "1"]
[Board "11"]
[White "Farias, Jose Walter"]
[Black "Okamura, Milton Kasuo"]
[Result "1/2-1/2"]
[WhiteElo "1800"]
[BlackElo "1907"]
[PlyCount "48"]
[EventDate "2022.04.29"]
[EventRounds "6"]
[EventCountry "BRA"]

1. c4 c5 2. Nc3 e6 3. e4 Nc6 4. Nf3 a6 5. d4 cxd4 6. Nxd4 Qc7 7. Be2 Nf6 8. O-O
Be7 9. Be3 Ne5 10. Rc1 d6 11. f4 Ng6 12. f5 Ne5 13. fxe6 fxe6 14. Bh5+ g6 15.
Be2 O-O 16. h3 Rf7 17. Nf3 Nxf3+ 18. Rxf3 Bd7 19. Qd2 Bf8 20. Rcf1 Bg7 21. Rd1
Bf8 22. Rdf1 Bg7 23. Rd1 Bf8 24. Rdf1 Bg7  1/2-1/2

[Event "Campeonato Estadual de Mestres do Rio de Janeiro 2022"]
[Site "TTC R Conde de Bomfim 451 Salao de Xadrez"]
[Date "2022.04.30"]
[Round "2"]
[Board "1"]
[White "Limp, Eduardo Thelio Da Silva"]
[Black "Rodrigues, Nei Jorge"]
[Result "1/2-1/2"]
[WhiteElo "2322"]
[BlackElo "1834"]
[PlyCount "122"]
[EventDate "2022.04.29"]
[EventRounds "6"]
[EventCountry "BRA"]

1. d4 d5 2. g3 g6 3. Bg2 Bg7 4. Nf3 Nf6 5. O-O O-O 6. c3 c6 7. Nbd2 Nbd7 8. Re1
Re8 9. e4 dxe4 10. Nxe4 Nxe4 11. Rxe4 Nf6 12. Re1 Bg4 13. h3 Bf5 14. Qb3 Qb6
15. Ne5 Be6 16. Qa3 Rad8 17. Nd3 a6 18. Ne5 Bc8 19. Qb3 Qxb3 20. axb3 Nd5 21.
f4 Nc7 22. Kh2 h5 23. Be3 Ne6 24. Nd3 Nc7 25. Bf2 Rd6 26. Nc5 Ne6 27. Ne4 Rdd8
28. h4 Nc7 29. b4 Nb5 30. Nc5 Nd6 31. Re2 Bg4 32. Ree1 e6 33. Bf1 Re7 34. b3
Nb5 35. Rac1 Bf5 36. Bg2 Rc7 37. Ne4 Bxe4 38. Bxe4 Rcd7 39. Bf3 Bf6 40. Kg2 Kg7
41. Be3 Nc7 42. Red1 Nd5 43. Bf2 Be7 44. Rd3 Nf6 45. Rcd1 Kf8 46. R3d2 Nd5 47.
Rc2 Nf6 48. Re1 Nd5 49. Ree2 Nf6 50. Be1 Nd5 51. Ra2 Bd6 52. Bxd5 exd5 53. c4
Be7 54. Bf2 Bxb4 55. c5 Re7 56. Rxe7 Kxe7 57. Kf3 Re8 58. Ra4 a5 59. Be3 Kf6
60. Ra2 Re4 61. Ra1 Kf5  1/2-1/2

[Event "Campeonato Estadual de Mestres do Rio de Janeiro 2022"]
[Site "TTC R Conde de Bomfim 451 Salao de Xadrez"]
[Date "2022.04.30"]
[Round "2"]
[Board "2"]
[White "De Araujo, Sidney Rocha"]
[Black "Lage, Pedro Ferreira"]
[Result "1-0"]
[WhiteElo "1800"]
[BlackElo "2100"]
[PlyCount "121"]
[EventDate "2022.04.29"]
[EventRounds "6"]
[EventCountry "BRA"]

1. d4 d5 2. c4 c6 3. e3 Nf6 4. Nf3 Bf5 5. Be2 e6 6. Nc3 Nbd7 7. O-O Bd6 8. h3
h6 9. Bd3 Bxd3 10. Qxd3 O-O 11. e4 dxe4 12. Nxe4 Nxe4 13. Qxe4 Nf6 14. Qc2 c5
15. Be3 Rc8 16. dxc5 Bxc5 17. Bxc5 Rxc5 18. b4 Rc7 19. Rfd1 Qe7 20. Qb3 Rfc8
21. Rac1 Nd5 22. a3 Qf6 23. Qd3 Qf4 24. Nd4 b6 25. Ne2 Qg5 26. h4 Nxb4 27. hxg5
Nxd3 28. Rxd3 hxg5 29. Rdc3 Rd8 30. R1c2 Rd1+ 31. Kh2 Rc5 32. Nc1 Ra5 33. Kg3
f5 34. Kf3 e5 35. Ke2 Rg1 36. g3 e4 37. Rd2 e3 38. Kxe3 Re5+ 39. Kd4 Rge1 40.
Kd3 f4 41. gxf4 gxf4 42. Kc2 Rf1 43. Nd3 Re4 44. Rd1 Re2+ 45. Kc1 Rxd1+ 46.
Kxd1 f3 47. Rc2 Re4 48. Kd2 Kh7 49. Kc3 g5 50. Rc1 Kg6 51. Re1 Kf5 52. Rxe4
Kxe4 53. Ne1 g4 54. Nd3 a6 55. a4 a5 56. c5 bxc5 57. Nxc5+ Ke5 58. Nd3+ Kd5 59.
Nf4+ Ke4 60. Nh5 Kd5 61. Nf6+  1-0

[Event "Campeonato Estadual de Mestres do Rio de Janeiro 2022"]
[Site "TTC R Conde de Bomfim 451 Salao de Xadrez"]
[Date "2022.04.30"]
[Round "2"]
[Board "5"]
[White "Fernandes, Felipe Gambini"]
[Black "Almeida, Israel Marcos Marinho"]
[Result "0-1"]
[WhiteElo "1937"]
[BlackElo "1720"]
[PlyCount "68"]
[EventDate "2022.04.29"]
[EventRounds "6"]
[EventCountry "BRA"]

1. d4 d5 2. c4 c6 3. Nf3 Nf6 4. Nc3 e6 5. cxd5 cxd5 6. Bg5 Be7 7. e3 Nc6 8. Rc1
O-O 9. Bd3 a6 10. O-O h6 11. Bh4 Na5 12. Ne5 b5 13. f4 Bb7 14. b3 Ne4 15. Bxe7
Qxe7 16. Nxe4 dxe4 17. Bb1 Rfc8 18. Qd2 Qa3 19. Nd7 Rc6 20. Nc5 f5 21. Rc2 Rac8
22. h3 Ba8 23. Kh2 Nb7 24. Qc1 Qxc1 25. Rcxc1 Nxc5 26. dxc5 b4 27. Rfd1 a5 28.
Rd7 R6c7 29. Rd6 Bd5 30. c6 Rxc6 31. Rdxc6 Rxc6 32. Rxc6 Bxc6 33. a4 bxa3 34.
Kg1 Bd5  0-1

[Event "Campeonato Estadual de Mestres do Rio de Janeiro 2022"]
[Site "TTC R Conde de Bomfim 451 Salao de Xadrez"]
[Date "2022.04.30"]
[Round "2"]
[Board "8"]
[White "Bezerra, Natacio Goncalves"]
[Black "Dias, Matheus Braga"]
[Result "1-0"]
[WhiteElo "1978"]
[BlackElo "1781"]
[PlyCount "83"]
[EventDate "2022.04.29"]
[EventRounds "6"]
[EventCountry "BRA"]

1. e4 c5 2. Nc3 g6 3. g3 Bg7 4. Bg2 e6 5. d3 Ne7 6. f4 d5 7. e5 h5 8. Nge2 a6
9. d4 c4 10. a4 Nbc6 11. b3 cxb3 12. cxb3 O-O 13. Ba3 Re8 14. h3 Nf5 15. Bf3 b6
16. Qd3 Na5 17. Rb1 Bb7 18. O-O Rc8 19. Kh2 Rc6 20. g4 hxg4 21. Bxg4 Qh4 22.
Bxf5 exf5 23. Nxd5 Kh7 24. Ne3 f6 25. d5 Rcc8 26. e6 Rcd8 27. e7 Rd7 28. Nxf5
Qh5 29. Neg3 Rxd5 30. Qxd5 Bxd5 31. Nxh5 gxf5 32. Rg1 Bh8 33. Ng3 Rc8 34. Rbc1
Nc6 35. Nxf5 Re8 36. Rgd1 Bxb3 37. Rd6 Nxe7 38. Rd7 Kg6 39. Nxe7+ Kh5 40. Rc8
Rxc8 41. Nxc8 Bc2 42. Nxb6  1-0

[Event "Campeonato Estadual de Mestres do Rio de Janeiro 2022"]
[Site "TTC R Conde de Bomfim 451 Salao de Xadrez"]
[Date "2022.04.30"]
[Round "2"]
[Board "9"]
[White "Pereira, Pedro Nunes"]
[Black "De Oliveira, Sergio Patricio"]
[Result "0-1"]
[WhiteElo "1820"]
[BlackElo "1472"]
[PlyCount "48"]
[EventDate "2022.04.29"]
[EventRounds "6"]
[EventCountry "BRA"]

1. d4 d5 2. Nf3 Nf6 3. Bf4 e6 4. e3 Ne4 5. Nbd2 f5 6. Ne5 Qh4 7. Nxe4 fxe4 8.
Be2 Bd6 9. Bh5+ g6 10. Bxg6+ hxg6 11. Nxg6 Qh7 12. Nxh8 Bxf4 13. exf4 Qxh8 14.
Qd2 Nc6 15. O-O-O Bd7 16. g4 O-O-O 17. h3 Rf8 18. g5 Qh5 19. g6 Rxf4 20. g7 Ne7
21. Rhg1 Ng8 22. Rg4 Rxg4 23. hxg4 Qxg4 24. Rg1 Qxg1+  0-1

[Event "Campeonato Estadual de Mestres do Rio de Janeiro 2022"]
[Site "TTC R Conde de Bomfim 451 Salao de Xadrez"]
[Date "2022.04.30"]
[Round "2"]
[Board "11"]
[White "Da Rocha, Joao Batista Jose"]
[Black "Baptista, Andre Kemper"]
[Result "0-1"]
[WhiteElo "1753"]
[BlackElo "1930"]
[PlyCount "126"]
[EventDate "2022.04.29"]
[EventRounds "6"]
[EventCountry "BRA"]

1. c4 e5 2. d3 Nf6 3. g3 Nc6 4. Bg2 Bc5 5. e4 d6 6. Ne2 O-O 7. O-O Be6 8. Nbc3
a6 9. a3 Ne7 10. b4 Ba7 11. Bg5 Nd7 12. Kh1 h6 13. Bd2 c6 14. f4 f5 15. Rb1 Qe8
16. a4 Rb8 17. Qc2 Nf6 18. Bf3 Ng4 19. Bxg4 fxg4 20. f5 Bd7 21. Qc1 Qh5 22. Be3
Bxe3 23. Qxe3 b6 24. b5 axb5 25. axb5 Rf6 26. bxc6 Bxc6 27. Nd5 Bxd5 28. cxd5
b5 29. d4 g6 30. dxe5 dxe5 31. fxg6 Qxg6 32. Rxf6 Qxf6 33. Rg1 b4 34. Rb1 Nc8
35. Kg2 Nd6 36. Rb3 Rf8 37. Rb1 Qf3+ 38. Qxf3 gxf3+ 39. Kf2 fxe2+ 40. Kxe2 Rb8
41. Kd3 b3 42. Rb2 Kf7 43. g4 Nb7 44. Kc4 Na5+ 45. Kc5 Rc8+ 46. Kb4 Rc2 47. Rb1
Ra2 48. h4 b2 49. g5 hxg5 50. hxg5 Kg6 51. d6 Kxg5 52. d7 Nc6+ 53. Kc4 Nd8 54.
Kd5 Kf6 55. Rf1+ Kg7 56. Rb1 Kf6 57. Rf1+ Kg5 58. Rb1 Kf4 59. Kd6 Nb7+ 60. Ke6
Nc5+ 61. Kd6 Nxd7 62. Kxd7 Kxe4 63. Kc6 Kd3  0-1

[Event "Campeonato Estadual de Mestres do Rio de Janeiro 2022"]
[Site "TTC R Conde de Bomfim 451 Salao de Xadrez"]
[Date "2022.04.30"]
[Round "2"]
[Board "12"]
[White "Machado, Wallace Fernandes"]
[Black "De Albuquerque, Ian Telek Cavalcanti"]
[Result "0-1"]
[WhiteElo "1691"]
[BlackElo "1898"]
[PlyCount "84"]
[EventDate "2022.04.29"]
[EventRounds "6"]
[EventCountry "BRA"]

1. c4 Nf6 2. Nf3 g6 3. Nc3 d5 4. e3 Bg7 5. Be2 O-O 6. O-O c5 7. cxd5 Nxd5 8. a3
Nc6 9. Qc2 b6 10. Rd1 Bb7 11. Nxd5 Qxd5 12. Bc4 Qd6 13. Be2 Rac8 14. Qc4 Rfd8
15. Qh4 Qc7 16. Ng5 h6 17. Nh3 Ne5 18. f4 Nd3 19. Bxd3 Rxd3 20. Nf2 Rd7 21. Ng4
Qc6 22. Qh3 h5 23. Nf2 Rcd8 24. Qg3 c4 25. Re1 Qb5 26. Qg5 Qxg5 27. fxg5 Rd5
28. h4 Be5 29. e4 Rb5 30. g4 Rb3 31. d4 Bxd4 32. Kg2 Bxb2 33. Bxb2 Rxb2 34.
Red1 Bxe4+ 35. Kg1 Rxd1+ 36. Rxd1 Bf3 37. Rd8+ Kg7 38. gxh5 gxh5 39. Rd7 c3 40.
Rc7 c2 41. Nd3 Rb1+ 42. Kf2 Be4  0-1

[Event "Campeonato Estadual de Mestres do Rio de Janeiro 2022"]
[Site "TTC R Conde de Bomfim 451 Salao de Xadrez"]
[Date "2022.04.30"]
[Round "2"]
[Board "13"]
[White "Chaves, Jorge Antonio Torres"]
[Black "Teixeira, Giovana Dos Santos"]
[Result "1-0"]
[WhiteElo "1855"]
[BlackElo "1814"]
[PlyCount "75"]
[EventDate "2022.04.29"]
[EventRounds "6"]
[EventCountry "BRA"]

1. d4 Nf6 2. Nf3 g6 3. Bg5 Bg7 4. Nbd2 d6 5. e4 Nbd7 6. Bc4 c5 7. c3 a6 8. a4
Qc7 9. a5 b6 10. axb6 Qxb6 11. Qc2 Bb7 12. O-O O-O 13. d5 Ng4 14. Bxe7 Rfe8 15.
Bh4 Nge5 16. Nxe5 Nxe5 17. f4 Ng4 18. Rae1 Bd4+ 19. cxd4 cxd4 20. Qd3 Ne3 21.
Rf2 Rac8 22. b3 Bxd5 23. exd5 Nf5 24. Rxe8+ Rxe8 25. Bf6 Re3 26. Re2 Rxe2 27.
Qxe2 d3+ 28. Qf2 Qa5 29. Qa7 Qc5+ 30. Qxc5 dxc5 31. Bxa6 Kf8 32. Bxd3 Nd6 33.
Ne4 Nb7 34. d6 Ke8 35. Bb5+ Kf8 36. d7 h6 37. Nxc5 Nxc5 38. d8=Q#  1-0

[Event "Campeonato Estadual de Mestres do Rio de Janeiro 2022"]
[Site "TTC R Conde de Bomfim 451 Salao de Xadrez"]
[Date "2022.04.30"]
[Round "2"]
[Board "14"]
[White "Nunes, Felipe Streva"]
[Black "Lima, Stefan Moisei Vieira"]
[Result "1/2-1/2"]
[WhiteElo "1822"]
[BlackElo "1820"]
[PlyCount "98"]
[EventDate "2022.04.29"]
[EventRounds "6"]
[EventCountry "BRA"]

1. e4 c5 2. Nf3 d6 3. d4 cxd4 4. Nxd4 Nf6 5. Nc3 a6 6. Bc4 e6 7. Bg5 Be7 8. Qd2
b5 9. Bb3 b4 10. Na4 Nxe4 11. Bxe7 Nxd2 12. Bxd8 Nxb3 13. axb3 Kxd8 14. Nb6 Ra7
15. Nb5 Rb7 16. Nxc8 Rxb5 17. Nxd6 Re5+ 18. Kf1 Ke7 19. Nc4 Rd5 20. Ke2 Nc6 21.
c3 a5 22. Rhd1 Rhd8 23. Rxd5 Rxd5 24. Rd1 f6 25. Rd3 Kf7 26. Re3 g6 27. f4 g5
28. g3 gxf4 29. gxf4 Rh5 30. h3 Ke7 31. Rg3 e5 32. fxe5 fxe5 33. Kf3 Ke6 34.
Ne3 Rh4 35. Ng2 Rh6 36. Ke4 Rf6 37. Rf3 Rxf3 38. Kxf3 Kf5 39. Ne3+ Ke6 40. Ke4
Nd8 41. Nc4 Nb7 42. cxb4 axb4 43. Nxe5 Nc5+ 44. Kf4 Kd5 45. Kf5 Nxb3 46. Nd3
Nd4+ 47. Kg5 Kc4 48. Nxb4 Kxb4 49. Kh6 Nf3  1/2-1/2

[Event "Campeonato Estadual de Mestres do Rio d"]
[Site "TTC R Conde de Bomfim 451 Sal"]
[Date "2022.04.30"]
[Round "3.1"]
[White "Yunes, David Teles"]
[Black "De Araujo, Sidney Rocha"]
[Result "1-0"]
[WhiteElo "1955"]
[BlackElo "1800"]
[PlyCount "79"]
[EventDate "2022.04.29"]
[EventRounds "6"]
[EventCountry "BRA"]

1. e4 c5 2. Nc3 d6 3. f4 g6 4. Nf3 Bg7 5. Bc4 e6 6. d3 Ne7 7. O-O Nbc6 8. Qe1
Bd7 9. a4 a6 10. Qh4 Qc7 11. Be3 Nd4 12. Bxd4 cxd4 13. Ne2 Nc6 14. Rac1 Qd8 15.
Qg3 Qb6 16. f5 Ne5 17. Bb3 Nxd3 18. cxd3 Qxb3 19. Qxd6 Qxd3 20. Rc7 Rd8 21.
fxe6 fxe6 22. Nf4 Qxf1+ 23. Kxf1 Bb5+ 24. Ke1 Rxd6 25. axb5 O-O 26. Nd3 Rb6 27.
bxa6 bxa6 28. b4 Re8 29. e5 Bf8 30. Ng5 Re7 31. Rc8 Kg7 32. Nc5 h6 33. Nge4 Ra7
34. Nf6 Bxc5 35. Ne8+ Kf7 36. bxc5 Rb2 37. Nd6+ Ke7 38. c6 Rb1+ 39. Kf2 Rb2+
40. Kg3 1-0

[Event "Campeonato Estadual de Mestres do Rio d"]
[Site "TTC R Conde de Bomfim 451 Sal"]
[Date "2022.04.30"]
[Round "3.2"]
[White "Almeida, Israel Marcos Marin"]
[Black "Limp, Eduardo Thelio Da S"]
[Result "0-1"]
[WhiteElo "1720"]
[BlackElo "2322"]
[PlyCount "46"]
[EventDate "2022.04.29"]
[EventRounds "6"]
[EventCountry "BRA"]

1. d4 b6 2. e3 Bb7 3. Nf3 Nf6 4. Be2 e6 5. b3 Bb4+ 6. c3 Be7 7. Bb2 O-O 8. O-O
c5 9. Nbd2 d5 10. c4 Nc6 11. Rc1 Rc8 12. a3 cxd4 13. Nxd4 Nxd4 14. exd4 Bd6 15.
cxd5 Bxd5 16. Bf3 Qe7 17. Bxd5 Nxd5 18. Nc4 b5 19. Nxd6 Qxd6 20. b4 Rc4 21.
Rxc4 bxc4 22. Qf3 Rc8 23. Bc3 Qa6 0-1

[Event "Campeonato Estadual de Mestres do Rio d"]
[Site "TTC R Conde de Bomfim 451 Sal"]
[Date "2022.04.30"]
[Round "3.3"]
[White "De Oliveira, Sergio Patricio"]
[Black "De Carvalho, Jose Jorge"]
[Result "0-1"]
[WhiteElo "1472"]
[BlackElo "2159"]
[PlyCount "58"]
[EventDate "2022.04.29"]
[EventRounds "6"]
[EventCountry "BRA"]

1. d4 Nf6 2. c4 g6 3. Nc3 d5 4. Bg5 Ne4 5. Bf4 Nxc3 6. bxc3 Bg7 7. cxd5 Qxd5 8.
Bxc7 Qc6 9. Ba5 b6 10. Bb4 a5 11. Rc1 axb4 12. cxb4 Qd7 13. e3 Bb7 14. Qd2 O-O
15. f3 Rd8 16. f4 Bd5 17. Bc4 Bxc4 18. Rxc4 Qd5 19. Qc2 b5 20. Rc5 Qxa2 21.
Qxa2 Rxa2 22. g3 Nd7 23. Rc7 Nf6 24. Ne2 Nd5 25. Rc5 Nxe3 26. Kf2 Bxd4 27. Rxb5
Nd5+ 28. Kf3 Rxe2 29. Rxd5 Re3+ 0-1